| 000 | 00727nam a2200229 a 4500 | ||
|---|---|---|---|
| 001 | 000016858 | ||
| 005 | 20200929164955.0 | ||
| 008 | 100311s2010 pr 000 0 spa d | ||
| 020 | _a9789945455359 | ||
| 040 |
_aDO-SdBNP _bspa _cBNPHU |
||
| 082 |
_aPR863.5 _bR586a |
||
| 100 | 1 |
_aRíos Cordero, Hugo, _d1972- _926575 |
|
| 245 | 1 | 0 |
_aA lo lejos, el cielo y otros relatos / _cHugo Ríos Cordero. |
| 260 |
_aSan Juan, Puerto Rico : _bIsla Negra, _c2010. |
||
| 300 |
_a98 p. ; _c22 cm. |
||
| 490 | 1 | _aEl rostro y la mascara | |
| 650 | 4 |
_aCuentos puertoriqueños _937322 |
|
| 650 | 4 |
_aLiteratura puertoriqueña _96540 |
|
| 830 | 0 |
_aEl rostro y la mascara _9251 |
|
| 910 | _aValidado. Control de calidad BNPHU. | ||
| 049 | _aBNPD | ||
| 999 |
_c16390 _d16390 |
||